|
|
|
|
| LEADER |
01274nam a2200313 a 4500 |
| 001 |
35284 |
| 003 |
BD-DhAAL |
| 005 |
20211129142941.0 |
| 008 |
190909t1990 nhua b 000 0 eng d |
| 999 |
|
|
|c 41177
|d 41177
|
| 010 |
|
|
|a 89071089
|
| 020 |
|
|
|a 0435085158
|
| 040 |
|
|
|a DLC
|c DLC
|d DLC
|d BD-DhAAL
|
| 050 |
0 |
0 |
|a LB1575
|b .M27 1990
|
| 082 |
0 |
0 |
|a 372.64044
|2 20
|
| 100 |
1 |
|
|a McConaghy, June.
|9 34311
|
| 245 |
1 |
0 |
|a Children learning through literature :
|b a teacher researcher study /
|c June McConaghy ; with a foreword by David Dillon.
|
| 260 |
|
|
|a Portsmouth, N.H. :
|b Heinemann,
|c c1990.
|
| 300 |
|
|
|a xiii, 80 pages :
|b illustrations ;
|c 22 cm.
|
| 504 |
|
|
|a Includes bibliographical references (pages 77-80).
|
| 526 |
|
|
|a BIED
|
| 541 |
|
|
|a Complimentary copy from BIED
|e 35284
|
| 650 |
|
0 |
|a Literature
|x Study and teaching (Elementary)
|9 34312
|
| 650 |
|
0 |
|a Language arts (Elementary)
|9 34313
|
| 650 |
|
0 |
|a Children
|x Books and reading.
|9 34314
|
| 650 |
|
0 |
|a Education.
|9 34315
|
| 852 |
|
|
|a Ayesha Abed Library
|c BIED Collection
|
| 942 |
|
|
|2 ddc
|c BK
|
| 952 |
|
|
|0 0
|1 0
|2 ddc
|4 0
|6 372_640440000000000_MCC
|7 0
|9 66209
|a BRACUL
|b BRACUL
|c GEN
|d 2019-09-09
|e Complimentary copy from BIED
|l 0
|o 372.64044 MCC
|p 3010035284
|r 2019-09-09
|t 1
|w 2019-09-09
|y BK
|x Transferred from BIED to General Stacks
|